Prvé poznatky o morfológii kopčekov postavených myšou kopčiarkou (Mus spicilegus Petényi, 1882) na východnom Slovensku

Bibliographic Details
Main Authors: Čanády, Alexander (Author), Mošanský, Ladislav, 1955- (Author), Stanko, Michal, 1957- (Author)
Format: Article
Language:Slovak
PhysicalDescription:Grafy, tab.
ISBN:8089093094
Subjects:

MARC

LEADER 00000nab a2200000 a 4500
001 vtls009325990
003 SK-MaSNL
005 20260426085117.0
008 250506|2005 xo |||||||||||||| b|slo
015 |a SNBRA2008/08  |2 snkbucl 
035 |a (uuid)45df9e47-b213-40fb-a88f-055383ef1366 
035 |a urn:nbn:sk:snk-aba49e 
035 |a (urnnbn)urn:nbn:sk:snk:ar-a09fl6 
038 |a SNKBUCL 
040 |a SNKBUCL  |b slo  |c SNKBUCL  |e AACR2 
041 0 |a slo  |b eng 
044 |a xo  |c SK 
080 |a 599.323.4  |2 2001 
080 |a 591.9:599.323.4  |x (437.6)  |2 2001 
080 |a 591.52  |2 2001 
100 1 |a Čanády, Alexander  |4 aut  |9 413790 
245 1 0 |a Prvé poznatky o morfológii kopčekov postavených myšou kopčiarkou (Mus spicilegus Petényi, 1882) na východnom Slovensku  |c Alexander Čanády, Ladislav Mošanský, Michal Stanko 
300 |b Grafy, tab. 
504 |a Bibliogr. odkazy 
546 |a Res. angl. 
650 0 7 |a myš kopčiarka  |2 snkbucl  |9 116458 
650 0 7 |a úkrytové kopčeky  |2 snkbucl  |9 1476874 
651 7 |a Slovensko východné  |2 snkbucl  |9 161134 
655 7 |a štúdie  |2 snkbucl  |9 57033 
700 1 |a Mošanský, Ladislav,  |d 1955-  |4 aut  |9 160820 
700 1 |a Stanko, Michal,  |d 1957-  |4 aut  |9 9353 
773 0 |t Natura Carpatica. Zborník Východoslovenského múzea. Prírodné vedy. Roč. 46  |d Košice : Východoslovenské múzeum, 2005  |g S. 159-164  |z 8089093094 
850 |a Slovenská národná knižnica 
852 |a Slovenská národná knižnica 
954 |a odborná, vedecká literatúra pôvodná (slovenská)  |2 lita 
958 |a article13 
958 |a OND 
958 |a NB 
958 |a EUIPO 
999 |c 2953787  |d 2955717